Complex variables and applications (Record no. 3507)

000 -LEADER
fixed length control field 00586nam a22002297a 4500
001 - CONTROL NUMBER
control field 3507
003 - CONTROL NUMBER IDENTIFIER
control field BD-DhUET
008 - FIXED-LENGTH DATA ELEMENTS--GENERAL INFORMATION
fixed length control field 141101b xxu||||| |||| 00| 0 eng d
020 ## - INTERNATIONAL STANDARD BOOK NUMBER
International Standard Book Number 0070108552
040 ## - CATALOGING SOURCE
Transcribing agency 0
Modifying agency BD-DhUET
082 ## - DEWEY DECIMAL CLASSIFICATION NUMBER
Classification number 517.8
Item number CHU/1974
100 ## - MAIN ENTRY--PERSONAL NAME
Personal name Churchill, Ruel V.
245 ## - TITLE STATEMENT
Title Complex variables and applications
250 ## - EDITION STATEMENT
Edition statement 3rd ed.
260 ## - PUBLICATION, DISTRIBUTION, ETC. (IMPRINT)
Place of publication, distribution, etc. New York
Name of publisher, distributor, etc. McGraw-Hill
Date of publication, distribution, etc. 1974
300 ## - PHYSICAL DESCRIPTION
Extent x, 332 p.
Other physical details ill.
Dimensions 23 cm.
504 ## - BIBLIOGRAPHY, ETC. NOTE
Bibliography, etc Includes bibliographies
650 #0 - SUBJECT ADDED ENTRY--TOPICAL TERM
Topical term or geographic name as entry element Complex variables
700 ## - ADDED ENTRY--PERSONAL NAME
Personal name Brown, James W.
700 ## - ADDED ENTRY--PERSONAL NAME
Personal name Verhey, Roger F.
942 ## - ADDED ENTRY ELEMENTS (KOHA)
Koha item type General Book
Holdings
Koha normalized classification for sorting Not for loan Copy number Koha renewals Damaged status Location (home branch) Withdrawn status Koha full call number Koha date last borrowed Koha date last seen Piece designation (barcode) Date acquired Price effective from Source of classification or shelving scheme Shelving location Koha item type Sublocation or collection (holding branch) Lost status
517_800000000000000_CHU_1974 1  Central Library, BUET 517.8/CHU/1974 2014-11-01394112014-11-012014-11-01 Circulation sectionGeneral BookCentral Library, BUET 
517_800000000000000_CHU_1974 2  Central Library, BUET 517.8/CHU/1974 2014-11-01433012014-11-012014-11-01 Circulation sectionGeneral BookCentral Library, BUET 
517_800000000000000_CHU_1974 3  Central Library, BUET 517.8/CHU/1974 2014-11-01451092014-11-012014-11-01 Circulation sectionGeneral BookCentral Library, BUET 
517_800000000000000_CHU_1974 4  Central Library, BUET 517.8/CHU/1974 2016-05-18528892014-11-012014-11-01 Circulation sectionGeneral BookCentral Library, BUET 
517_800000000000000_CHU_1974 5  Central Library, BUET 517.8/CHU/1974 2016-04-02376552014-11-172014-11-17 Circulation sectionGeneral BookCentral Library, BUET 
517_800000000000000_CHU_1974 62 Central Library, BUET 517.8/CHU/1974 2016-08-30580322014-11-172014-11-17 Circulation sectionGeneral BookCentral Library, BUET 
517_800000000000000_CHU_1974 7  Central Library, BUET 517.8/CHU/19740000-00-002015-05-03528872015-05-032015-05-03 Circulation sectionGeneral BookCentral Library, BUET 
517_800000000000000_CHU_1974 8  Central Library, BUET 517.8/CHU/1974 2015-05-03376542015-05-032015-05-03 Circulation sectionGeneral BookCentral Library, BUET 
517_800000000000000_CHU_1974 9  Central Library, BUET 517.8/CHU/1974 2015-05-04394122015-05-042015-05-04 Circulation sectionGeneral BookCentral Library, BUET 
517_800000000000000_CHU_1974 10  Central Library, BUET 517.8/CHU/1974 2015-05-20580332015-05-202015-05-20 Circulation sectionGeneral BookCentral Library, BUET 
517_800000000000000_CHU_1974 11  Central Library, BUET 517.8/CHU/1974 2015-06-13245352015-06-132015-06-13 Reading sectionReading ItemCentral Library, BUET 
517_800000000000000_CHU_1974 12  Central Library, BUET 517.8/CHU/1974 2015-07-13433042015-07-132015-07-13 Circulation sectionGeneral BookCentral Library, BUET